The silent garden : understanding the hearing-impaired child /

Bibliographic Details
Main Author: Ogden, Paul W.
Other Authors: Lipsett, Suzanne
Format: Book
Language:English
Published: New York : St. Martin's Press, [1982]
Edition:1st ed.
Subjects:

MARC

Tag First Indicator Second Indicator Subfields
LEADER 00000pam a2200000 a 4500
001 in00000086420
005 20151008064506.0
008 811009s1982 nyu 00010 eng
010 |a  81016723  
020 |a 0312724403 :  |c $12.95 
035 |a (OCoLC)07925818 
035 |9 AAK4275AM 
039 0 |a 2  |b 3  |c 3  |d 3  |e 3 
040 |a DLC  |c DLC  |d TXA  |d UtOrBLW 
049 |a TXAM  |c [387874] 
050 0 0 |a HV2392.2  |b .O34 
082 0 |a 362.8/2  |2 19 
100 1 |a Ogden, Paul W. 
245 1 4 |a The silent garden :  |b understanding the hearing-impaired child /  |c by Paul W. Ogden and Suzanne Lipsett. 
250 |a 1st ed. 
264 1 |a New York :  |b St. Martin's Press,  |c [1982] 
264 4 |c ©1982 
300 |a vii, 227 pages ;  |c 22 cm. 
336 |a text  |b txt  |2 rdacontent 
337 |a unmediated  |b n  |2 rdamedia 
338 |a volume  |b nc  |2 rdacarrier 
500 |a Includes index. 
650 0 |a Deaf children  |x Family relationships. 
650 0 |a Deaf  |x Education. 
650 0 |a Deafness in children. 
700 1 |a Lipsett, Suzanne. 
999 |a MARS 
999 f f |s c8515189-5914-3985-aaa3-a24861705e7a  |i 7fca32ca-1d82-3939-84df-174ad313deab  |t 0 
952 f f |p ric  |a Texas A&M University  |b Rellis Campus  |c Joint Library Facility  |d Remote Storage  |t 0  |e HV2392.2 .O34  |h Library of Congress classification  |i unmediated -- volume  |m A14806146144 
998 f f |a HV2392.2 .O34  |t 0  |l Remote Storage